000 00544nam a2200181Ia 4500
001 7647
005 20260306160510.0
008 260306t2009||||xx |||||||||||||| ||spa||
041 _aESP
082 _a352.75
_bI59S Julio
110 _aInstituto Nacional de Estadística e Informática
_eAUT
245 0 _aCensos nacionales 2007:
_bXI de ooblación y VI de vivienda: perfil sociodemográfico de la Provincia de Caylloma
260 _c2009
300 _a433 páginas :
_c29 cm.
650 _aGEN
654 _aCAN
942 _cLIB
_dJUS
_fJUS
_2ddc
_n
999 _c7647
_d7647